000 00481nam a2200181Ia 4500
008 240925s9999 xx 000 0 und d
020 _a72392703
082 _a003.3 KEL
100 _aKelton, W .David
245 0 _aSimulation With Arena
250 _a2nd
260 _aBoston:
_bMC Graw-Hill
_c,2002.
300 _axviii,578p.
_bNA
_fOriginal
500 _aIncludes Index
600 _aComputer Science
650 _aComputer science, information & general works
942 _cBK
999 _c7691
_d7691